| 000 | 00758nam a2200325Ia 4500 | ||
|---|---|---|---|
| 001 | 5136 | ||
| 003 | 10229 | ||
| 005 | 20250225065842.0 | ||
| 008 | ||||||n9999 ||| || || | ||
| 041 | _aspa | ||
| 082 |
_221 _a338 |
||
| 100 |
_aKaplan, Marcos _93683 |
||
| 245 | 0 | _aDesarrollo economico y empresa publica | |
| 260 |
_aParaguay : _bOptima, _c1965. |
||
| 300 | _a85p | ||
| 490 | _aColección ciencia económica | ||
| 562 | _e2 | ||
| 650 | 0 |
_aDesarrollo económico _91884 |
|
| 650 | 0 |
_aEmpresas públicas _98052 |
|
| 650 |
_aINTERVENCIÓN DEL ESTADO _92933 |
||
| 942 | _cBKM | ||
| 942 | _cBKM | ||
| 999 |
_c5136 _d5136 |
||
| 526 | _a116204 | ||
| 526 | _a4969 | ||
| 526 | _a19790 | ||
| 526 | _a104436 | ||
| 526 | _a5144 | ||
| 526 | _a51868 | ||
| 526 | _a1697 | ||